Selected aspects of financing education in relation to the labour market

Guardado en:
Detalles Bibliográficos
Autor principal: Neubauerová, Erika, 1968-
Otros Autores: Bartalosová, Erika, 1986-
Formato: Capítulo de libro
Lenguaje:inglés
Materias:
Etiquetas: Agregar Etiqueta
Sin Etiquetas, Sea el primero en etiquetar este registro!

MARC

LEADER 00000nla a2200000 4500
001 0169845
005 20240502083413.0
041 0 |a eng 
044 |a CZ 
245 1 0 |a Selected aspects of financing education in relation to the labour market  |c Erika Neubauerová, Erika Bartalosová 
610 2 0 |a vzdelávanie 
610 2 0 |a financovanie 
610 2 0 |a organizácia 
610 2 0 |a trh práce 
610 2 0 |a miera nezamestnanosti 
610 2 0 |a Európska únia 
610 2 0 |a sektor verejný 
610 2 0 |a Slovensko 
100 1 |a Neubauerová, Erika, 1968- 
700 1 |a Bartalosová, Erika, 1986-